The future of freedom in the developing world : (Record no. 58095)
[ view plain ]
| 000 -LEADER | |
|---|---|
| fixed length control field | 00981nam a2200289 a 4500 |
| 001 - CONTROL NUMBER | |
| control field | 58095 |
| 003 - CONTROL NUMBER IDENTIFIER | |
| rucl marc code | BD-RjUL |
| 005 - DATE AND TIME OF LATEST TRANSACTION | |
| control field | 20211209080603.0 |
| 008 - FIXED-LENGTH DATA ELEMENTS--GENERAL INFORMATION | |
| fixed length control field | 161215s1987 nyua b 001 0 eng |
| 020 ## - INTERNATIONAL STANDARD BOOK NUMBER | |
| International Standard Book Number | 0080346979 |
| International Standard Book Number | 0080346960 (pbk.) |
| 035 ## - SYSTEM CONTROL NUMBER | |
| System control number | (BD-RjUL) 58219 |
| 040 ## - CATALOGING SOURCE | |
| Original cataloging agency | DLC |
| Transcribing agency | DLC |
| Modifying agency | DLC |
| -- | BD-RjUL |
| Language of cataloging | eng |
| 041 ## - LANGUAGE CODE | |
| Language code of text/sound track or separate title | eng |
| 082 00 - DEWEY DECIMAL CLASSIFICATION NUMBER | |
| Classification number | 323.4091724 |
| Edition number | 23 |
| Author mark and year | OWF 1987 |
| 100 1# - MAIN ENTRY--PERSONAL NAME | |
| Personal name | Owens, Edgar. |
| 9 (RLIN) | 172561 |
| 245 14 - TITLE STATEMENT | |
| Title | The future of freedom in the developing world : |
| Remainder of title | economic development as political reform / |
| Statement of responsibility, etc. | Edgar Owens. |
| 260 ## - PUBLICATION, DISTRIBUTION, ETC. (IMPRINT) | |
| Place of publication, distribution, etc. | New York : |
| Name of publisher, distributor, etc. | Pergamon Press, |
| Date of publication, distribution, etc. | 1987. |
| 300 ## - PHYSICAL DESCRIPTION | |
| Pagination | xvi, 109 p. : |
| Illustrations | ill. ; |
| Size | 24 cm. |
| 500 ## - GENERAL NOTE | |
| General note | Includes index. |
| 504 ## - BIBLIOGRAPHY, ETC. NOTE | |
| Bibliography, etc | Bibliography: p. 103-104. |
| 650 #0 - SUBJECT ADDED ENTRY--TOPICAL TERM | |
| Topical term or geographic name as entry element | Civil rights |
| Geographic subdivision | Developing countries. |
| 9 (RLIN) | 172562 |
| Topical term or geographic name as entry element | Human rights |
| Geographic subdivision | Developing countries. |
| 9 (RLIN) | 172563 |
| Topical term or geographic name as entry element | Political corruption |
| Geographic subdivision | Developing countries. |
| 9 (RLIN) | 172564 |
| 651 #0 - SUBJECT ADDED ENTRY--GEOGRAPHIC NAME | |
| Geographic name | Developing countries |
| General subdivision | Economic policy. |
| 9 (RLIN) | 171747 |
| 942 ## - ADDED ENTRY ELEMENTS (KOHA) | |
| Source of classification or shelving scheme | Dewey Decimal Classification |
| Koha item type | Books |
| Lost status | Source of classification or shelving scheme | Damaged status | Not for loan | Collection code | Permanent Location | Current Location | Shelving location | Date acquired | Source of acquisition | Cost, normal purchase price | Total Checkouts | Full call number | Date last seen | Copy number | Koha item type |
|---|---|---|---|---|---|---|---|---|---|---|---|---|---|---|---|
| Dewey Decimal Classification | Not For Loan | Non-fiction | Central Library, University of Rajshahi | Central Library, University of Rajshahi | Reading Room | 06/02/2008 | Paragon Enterprises Ltd., Dhaka | 17.99 | 323.4091724 OWF 1987 | 15/12/2016 | C-1 | Books |